The poems of Oscar Wilde.

Bibliographic Details
Main Author: Wilde, Oscar, 1854-1900
Format: Book
Language:English
Published: New York : Boni and Liveright, [date of publication not identified]

MARC

Tag First Indicator Second Indicator Subfields
LEADER 00000cam a2200000I 4500
001 in00000036747
005 20151007062216.0
008 800701nuuuuuuuunyu 000 0 eng d
035 |a (OCoLC)ocm06475480 
035 |a (OCoLC)06475480 
035 |9 AAD4222AM 
040 |a TXA  |c TXA  |d OCL  |d UtOrBLW 
049 |a TXAM  |c [46154] 
050 4 |a PR581  |b .M6 
092 |a 821  |b W672po 
100 1 |a Wilde, Oscar,  |d 1854-1900. 
245 1 4 |a The poems of Oscar Wilde. 
264 1 |a New York :  |b Boni and Liveright,  |c [date of publication not identified] 
300 |a 275 pages 
336 |a text  |b txt  |2 rdacontent 
337 |a unmediated  |b n  |2 rdamedia 
338 |a volume  |b nc  |2 rdacarrier 
994 |a E0  |b TXA 
999 |a MARS 
999 f f |s 13f75b7d-97d1-3445-9e0c-f1ccdb69b7f1  |i 82b3043b-0313-3781-b085-02e0bc3d1411  |t 0 
952 f f |p normal  |a Texas A&M University  |b College Station  |c Sterling C. Evans Library  |d Evans: Library Stacks  |t 0  |e PR581 .M6  |h Library of Congress classification  |i unmediated -- volume  |m A14801288187 
998 f f |a PR581 .M6  |t 0  |l Evans: Library Stacks